|
|
|
|
| LEADER |
00000nam a2200000 a 4500 |
| 001 |
UCK4377 |
| 003 |
CL-VaPUC |
| 008 |
050603e20010000SP |||||||||||||||||spa|d |
| 020 |
|
|
|a 8466201246
|
| 082 |
0 |
4 |
|a 708.08
|b HEL
|2 21
|
| 100 |
0 |
|
|a Heller, Amy
|e author
|9 492870
|
| 245 |
1 |
0 |
|a Arte tibetano: el desarrollo de la espiritualidad y del arte en el Tíbet desde el año 600 al 2000 d.C
|
| 300 |
|
|
|a 240 p
|
| 942 |
|
|
|c BK
|
| 945 |
|
|
|d 20050603 00:00:00
|a cmena
|
| 260 |
|
|
|a Madrid
|b LIBSA
|c 2001
|
| 650 |
|
0 |
|a Artesanía
|9 353181
|
| 650 |
|
0 |
|a Historia del arte
|9 314877
|
| 650 |
|
0 |
|a Arte tibetano
|9 451486
|
| 650 |
|
7 |
|a BUDISMO
|2 CL-VaPUC
|9 492871
|
| 650 |
|
0 |
|a Estética
|9 264950
|
| 650 |
|
0 |
|a Creencia Religiosa
|9 316904
|
| 651 |
|
7 |
|a TIBET
|2 CL-VaPUC
|9 324206
|
| 583 |
|
|
|a last modification
|c 20050603 00:00:00
|k Rodrigo Vera
|
| 999 |
|
|
|c 313255
|d 313253
|
| 952 |
|
|
|0 0
|1 0
|4 0
|6 708_080000000000000_HEL_2001
|7 0
|8 X
|9 384483
|a BIBHIS
|b BIBHIS
|d 2019-11-22
|i 4133021
|o 708.08 HEL 2001
|p 4133021
|r 2024-01-30
|w 2019-11-22
|y BK_X
|k HIS
|